Statystyki dla Przyimki po niemiecku

Kliknij tutaj aby rozwiązać quiz!

Ogólne statystyki

  • Ten quiz został rozwiązany 30 razy
  • Średni wynik to 5 z 9

Statystyki odpowiedzi

HintOdpowiedź% Poprawnych
Win
92%
Podunter
77%
Nadüber
69%
Naauf
62%
Przedvor
54%
Przyan
46%
Zahinter
46%
Obokneben
46%
Międzyzwischen
46%

Rozkład punktacji

Percentyl według liczby udzielonych odpowiedzi

Procent ludzi z każdym wynikiem

Twoja historia wyników

Nie rozwiązałeś tego quizu